Statistiken für Musiker aus jedem Land Europas

Klicken Sie hier um das Quiz zu spielen!

Allgemein

  • Dieses Quiz wurde 172 mal gespielt
  • Das Durchschnittsergebnis liegt bei 9 aus 47

Antwortstatistiken

LandSongInterpret% Korrekt
NorwegenTake On MeA-ha
75%
Vereinigtes
Königreich - England
WonderwallOasis
72%
DeutschlandHier kommt Alex Die Toten Hosen
66%
IrlandZombieThe Cranberries
61%
TschechienDie Biene Maja Karel Gott
57%
ItalienBlue (Da Ba Dee)Eiffel 65
56%
ÖsterreichLive Is LifeOpus
47%
FinnlandFairytale Gone BadSunrise Avenue
46%
RusslandAll The Things She Saidt.A.T.u.
41%
NiederlandeBoom, Boom, Boom, Boom!!Vengaboys
41%
SchwedenAll That She WantsAce Of Base
39%
FrankreichOne More TimeDaft Punk
38%
MoldawienDragostea Din TeiO-Zone
38%
SpanienMacarenaLos del Río
32%
Vereinigtes
Königreich - Wales
MercyDuffy
27%
GriechenlandConquest Of ParadiseVangelis
27%
Vereinigtes
Königreich - Schottland
Don’t You (Forget About Me)Simple Minds
22%
IslandIt's Oh So QuietBjörk
17%
SchweizThe RaceYello
17%
RumänienStereo LoveEdward Maya
16%
LitauenIn My MindDynoro
15%
KosovoBonBonEra Istrefi
13%
DänemarkSunshine ReggaeLaid Back
13%
UkraineWild DancesRuslana
12%
BelgienPump Up The JamTechnotronic
11%
Vereinigtes
Königreich - Nordirland
Brown Eyed GirlVan Morrison
11%
PortugalAmar pelos doisSalvador Sobral
6%
SerbienMolitvaMarija Šerifović
4%
MontenegroHeavenD-Mol
3%
LettlandI WannaMarie N
3%
LiechtensteinWhen Angels SmileBack To Earth
2%
KroatienMit 17 fängt das Leben erst anIvo Robić
2%
EstlandTough EnoughVanilla Ninja
2%
AlbanienParajsa imeAlban Skënderaj
1%
PolenUh La La LaBlog 27
1%
Bosnien und
Herzegowina
U.S.A.Dubioza kolektiv
1%
SlowakeiLáska mojaElán
1%
SlowenienThe WhistleblowersLaibach
1%
MonacoAvec le temps Léo Ferré
1%
San MarinoCuore mattoLittle Tony
1%
MaltaChameleonMichela Pace
1%
BulgarienMänner gibt’s wie Sand am Meer Nora Nova
1%
LuxemburgTo Die Among StrangersRome
1%
NordmazedonienIgra bez granicaToše Proeski
1%
UngarnWere You Thinking Of Me?Yonderboi
1%
BelarusПолковнику никто не пишетBi-2
0%
AndorraThe Majestic Of GaiaPersefone
0%

Verteilung der Resultate

Perzentil nach korrekt beantworteten Fragen

Anzahl Personen mit jedem Resultat

Ihre Resultats-Entwicklung

Sie haben dieses Quiz noch nicht gespielt